Niger Departments/Arrondissements (Map) - Statistics

General Stats
  • This quiz has been taken 12 times
  • The average score is 19 of 37
Answers on the Map
Answers color-coded by a green-red scale on the quiz's map according to % correct below.
 
Answer Stats
Department % Correct
Niamey
88%
Diffa
75%
Tillaberi
75%
Dosso
63%
Say
63%
Tahoua
63%
Tera
63%
Abalak
50%
Aguie
50%
Arlit
50%
Bilma
50%
Bkonni
50%
Boboye
50%
Bouza
50%
Dakoro
50%
Dogondoutchi
50%
Fiilingue
50%
Gaya
50%
Goure
50%
Groumdji
50%
Illela
50%
Keita
50%
Kollo
50%
Loga
50%
Madarounfa
50%
Magaria
50%
Maine-soroa
50%
Matameye
50%
Mayahi
50%
Mirriah
50%
N'guigmi
50%
Ouallam
50%
Tanout
50%
Tchirozerine
50%
Tessaoua
50%
Madsoua
13%
Tchin-tabadaren
13%
No matching quizzes found
Score Distribution
Percent of People with Each Score
Percentile by Number Answered
Your Score History
You have not taken this quiz